Sports Quiz

Random Sports or MLB Quiz

MLB Top-5 Highest Paid by Team (2016) Quiz Stats

 Plays Quiz Updated May 11, 2016

Challenge
Share
Tweet
Embed
Score 0/150 Timer 18:00
2 Plays Today
Team Player % Correct
Arizona DiamondbacksZack Greinke
76.7%
Boston Red SoxDavid Ortiz
74.1%
Los Angeles DodgersClayton Kershaw
73.9%
New York YankeesAlex Rodriguez
73.8%
Detroit TigersMiguel Cabrera
72.7%
Los Angeles AngelsAlbert Pujols
72.5%
Chicago White SoxMelky Cabrera
72%
Los Angeles AngelsMike Trout
71.8%
Baltimore OriolesChris Davis
71.6%
Boston Red SoxDavid Price
71%
New York MetsAsdrubal Cabrera
70.8%
Cleveland IndiansRajai Davis
70.7%
Los Angeles DodgersAdrian Gonzalez
69.4%
Colorado RockiesCarlos Gonzalez
69.3%
Washington NationalsGio Gonzalez
69%
Baltimore OriolesAdam Jones
68.2%
Arizona DiamondbacksPaul Goldschmidt
67.9%
Miami MarlinsGiancarlo Stanton
67.8%
Philadelphia PhilliesRyan Howard
67.3%
Cincinnati RedsJoey Votto
67.2%
Milwaukee BrewersRyan Braun
66.4%
Chicago CubsJon Lester
65.7%
Seattle MarinersRobinson Cano
64.5%
Seattle MarinersFelix Hernandez
64.2%
Toronto Blue JaysJose Bautista
63.3%
Detroit TigersJustin Verlander
62.9%
Pittsburgh PiratesAndrew McCutchen
62.7%
Minnesota TwinsJoe Mauer
61.1%
Boston Red SoxHanley Ramirez
59.8%
New York YankeesCC Sabathia
59.1%
Tampa Bay RaysEvan Longoria
58.6%
Washington NationalsMax Scherzer
58.2%
Texas RangersPrince Fielder
58.1%
San Francisco GiantsBuster Posey
56.6%
New York MetsDavid Wright
56.4%
Atlanta BravesFreddie Freeman
56.3%
Chicago White SoxChris Sale
55%
San Francisco GiantsMatt Cain
55%
Toronto Blue JaysTroy Tulowitzki
54.9%
Detroit TigersJustin Upton
54.3%
Washington NationalsRyan Zimmerman
54.1%
San Diego PadresMelvin Upton, Jr.
54%
San Diego PadresMatt Kemp
53.9%
Kansas City RoyalsAlex Gordon
53.6%
Chicago CubsJason Heyward
53%
Toronto Blue JaysRussell Martin
52.6%
Boston Red SoxPablo Sandoval
52.4%
New York MetsYoenis Cespedes
51.9%
St. Louis CardinalsAdam Wainwright
51.8%
Detroit TigersVictor Martinez
50.6%
Team Player % Correct
New York YankeesMark Teixeira
49.6%
Chicago CubsJake Arrieta
49.4%
Cincinnati RedsBrandon Phillips
48.8%
Chicago White SoxJose Abreu
48.4%
Texas RangersAdrian Beltre
48%
St. Louis CardinalsMatt Holliday
47.6%
Kansas City RoyalsEric Hosmer
46.5%
Texas RangersCole Hamels
46.1%
Toronto Blue JaysJosh Donaldson
45.2%
Seattle MarinersNelson Cruz
45.1%
Cincinnati RedsJay Bruce
44.9%
New York YankeesJacoby Ellsbury
44.3%
San Francisco GiantsJohnny Cueto
42.9%
Los Angeles DodgersCarl Crawford
42.8%
Chicago CubsJohn Lackey
42.4%
Cleveland IndiansCarlos Santana
41.2%
Minnesota TwinsErvin Santana
41%
St. Louis CardinalsYadier Molina
39.6%
Colorado RockiesJose Reyes
39.3%
Washington NationalsJayson Werth
39.1%
San Diego PadresJames Shields
38.7%
Los Angeles AngelsJered Weaver
38.6%
New York MetsCurtis Granderson
38%
New York YankeesMasahiro Tanaka
36.6%
San Francisco GiantsHunter Pence
36.2%
Los Angeles AngelsCJ Wilson
35.2%
Houston AstrosDallas Keuchel
35%
Houston AstrosCarlos Gomez
34.9%
Seattle MarinersAdam Lind
33%
Toronto Blue JaysR.A. Dickey
32.9%
Atlanta BravesNick Markakis
31%
New York MetsNeil Walker
30.7%
Pittsburgh PiratesFrancisco Liriano
30.3%
Baltimore OriolesJJ Hardy
28.1%
Cleveland IndiansJason Kipnis
28%
Cleveland IndiansMichael Brantley
27.7%
Oakland AthleticsJosh Reddick
27.4%
Baltimore OriolesMatt Wieters
27.1%
Los Angeles DodgersAndre Ethier
26.9%
Texas RangersElvis Andrus
26.9%
Oakland AthleticsBilly Butler
26.3%
Boston Red SoxRick Porcello
25.7%
St. Louis CardinalsJhonny Peralta
24.7%
Oakland AthleticsCoco Crisp
24.5%
Houston AstrosColby Rasmus
24.3%
Baltimore OriolesUbaldo Jimenez
24.3%
Kansas City RoyalsEdinson Volquez
24.1%
Milwaukee BrewersAaron Hill
24.1%
Detroit TigersJordan Zimmermann
24%
Milwaukee BrewersJonathan Lucroy
23.7%
Team Player % Correct
Milwaukee BrewersWily Peralta
23.6%
Washington NationalsJonathan Papelbon
23.3%
Texas RangersShin-Soo Choo
22.1%
Chicago CubsMiguel Montero
21.5%
Cleveland IndiansMike Napoli
20.5%
Philadelphia PhilliesCarlos Ruiz
20.2%
Cincinnati RedsHomer Bailey
20.1%
Minnesota TwinsPhil Hughes
19.2%
San Francisco GiantsJake Peavy
18.8%
Kansas City RoyalsKendrys Morales
18.5%
Philadelphia PhilliesMatt Harrison
17.9%
Chicago White SoxDavid Robertson
17.8%
San Diego PadresTyson Ross
17.7%
Miami MarlinsMartin Prado
17.5%
Miami MarlinsWei-Yin Chen
17.3%
Pittsburgh PiratesJosh Harrison
17.1%
Los Angeles DodgersBrett Anderson
16.7%
Arizona DiamondbacksYasmany Tomas
16%
Philadelphia PhilliesJeremy Hellickson
15.9%
Atlanta BravesErick Aybar
15.2%
Pittsburgh PiratesMark Melancon
14.3%
Colorado RockiesJorge De La Rosa
13.8%
Seattle MarinersHisashi Iwakuma
13.8%
Tampa Bay RaysMatt Moore
13.7%
Milwaukee BrewersMatt Garza
13.7%
Colorado RockiesGerardo Parra
13%
Houston AstrosDoug Fister
12.8%
St. Louis CardinalsMike Leake
12.5%
Minnesota TwinsTrevor Plouffe
12.3%
Chicago White SoxJohn Danks
11.9%
Oakland AthleticsJed Lowrie
11.6%
Los Angeles AngelsHuston Street
11.3%
San Diego PadresAndrew Cashner
10.7%
Minnesota TwinsRicky Nolasco
10.6%
Atlanta BravesJason Grilli
10.6%
Tampa Bay RaysAlex Cobb
9.8%
Cincinnati RedsDevin Mesoraco
9.6%
Houston AstrosScott Feldman
9.4%
Miami MarlinsMichael Dunn
9.3%
Tampa Bay RaysLogan Morrison
9.3%
Arizona DiamondbacksBrad Ziegler
7.8%
Arizona DiamondbacksTyler Clippard
7.6%
Pittsburgh PiratesJon Niese
7.5%
Atlanta BravesHector Olivera
7.1%
Oakland AthleticsRyan Madson
6.1%
Philadelphia PhilliesCharlie Morton
5.7%
Kansas City RoyalsJason Vargas
5.1%
Tampa Bay RaysSteven Pearce
4.2%
Miami MarlinsTom Koehler
3.6%
Colorado RockiesBoone Logan
2.6%

You're not logged in!

Compare scores with friends on all Sporcle quizzes.
OR
Log In

You Might Also Like...

Show Comments

Extras

Top Quizzes Today


Score Distribution

Your Account Isn't Verified!

In order to create a playlist on Sporcle, you need to verify the email address you used during registration. Go to your Sporcle Settings to finish the process.

Report this User

Report this user for behavior that violates our Community Guidelines.

Details: